Near death experiences

Bibliographic Details
Main Author: Martin, Michael
Format: Book
Published: America : Capstone Press , 2005
Subjects:

MARC

LEADER 00000cam a2200000 7i4500
001 0000012119
005 20160330.0
008 071203
020 |a 0736827196 
090 0 0 |a 133.9013   |b MAR 
100 1 |a Martin, Michael 
245 1 0 |a Near death experiences   |c Michael Martin 
260 |a America :   |b Capstone Press ,   |c 2005 
500 |a Teenager ages 13-18 years old (blue) 
650 0 |a Near-death experiences   |x Juvenile literature 
999 |a 0001003632   |b Book   |c Teenagers   |e Perbadanan Perpustakaan Awam Johor